00609 2200193 4500001002100000005001500021035002000036007000300056008003900059082000700098084001300105100001300118245017900131250001000310260004600320300002400366600001000390990001500400INLIS00000000000989220260417024828 a0010-0426000306ta260417 | | |  a81 a81 SUL e0 aSULASTRI1 aEFEKTIVITAS PELAYANAN DINAS PENANAMAN MODAL DAN PELAYANAN TERPADU SATU PINTU (DPMPTSP) DALAM PEMBUATAN SURAT IZIN USAHA PERDAGANGAN (SIUP) DI KABUPATEN GUNUNG MAS /cSULASTRI aCet 1 aPalangka Raya :bPerpustakaan UMPR,c2022 aix, 51 hlm :bilus. 4aTESIS a2081010737